| 000 | 00626nam a22002297a 4500 | ||
|---|---|---|---|
| 005 | 20220329141232.0 | ||
| 008 | 971010s1967 r 00010 d | ||
| 010 | _a64883 | ||
| 011 | _a65855 | ||
| 035 | _a73336 | ||
| 082 |
_a659.2 _bW3Y |
||
| 100 | 0 | 0 |
_aWatson, Dunn S. _9121197 |
| 245 | _aPublicidad | ||
| 260 |
_aMéxico : _bHispano-americana, _c1967 |
||
| 300 | _a700 p. | ||
| 500 | _a1993-348 | ||
| 590 |
_aBATCH-UPD _b10 _c20130110 _lUCH01 _h2128 |
||
| 590 |
_aCONVERSION _b10 _c20130109 _lUCH01 _h1335 |
||
| 650 | 1 | 4 |
_aPublicidad. _992811 |
| 901 | _aBK | ||
| 949 |
_a659.2 W3Y _bDCF _cLIBRO _d-6134 _eLIBRO _h3681 _i73336 _si |
||
| 999 |
_c64883 _d64883 |
||